000
00304nam a22001217a 4500
008
160423b xxu||||| |||| 00| 0 eng d
020
_a
9780136129806
020
_a
978013619806
041
_a
eng
080
_a
618.2
245
_a
Foundations of nursing research:
_c
Rose Mare Nieswiadomy;
942
_2
udc
_c
BK
999
_c
1532
_d
1532